000 00480nam a2200193Ia 4500
003 LK-CoDNM
005 20241205115259.0
008 010623t1974 xxu||||| |||| 00| 1 eng d
040 _aLK-CoDNM
_dLK-CoDNM
_eLK-CoDNM
041 _aeng
080 _a8 S.09
_bOBE
100 _aObeysekara, Ranjini
245 _aSinhala writing and the new critice
260 _bM.D.Gunasena
_aColombo
_c1974
300 _b119p. ; 22 cm
650 _aWriting
650 _a1974
942 _cBK
999 _c109318
_d109318